000 00567cam a22002171 4500
001 sa 68012411
003 DLC
005 20260227112610.0
008 890420s1966 io 000 0 ind
010 _asa 68012411
035 _a(OCoLC)23546878
040 _aDLC
_cMiU
_dDLC
042 _apremarc
043 _aa-io---
050 0 0 _aHC447
_b.P717
100 1 _aPrawiranegara, Sjafruddin.
245 1 0 _aMembangun kembali ekonomi Indonesia.
260 _aDjakarta,
_b"Bulan Bintang,"
_c1966.
300 _a64 p.
_c20 cm.
651 0 _aIndonesia
_xEconomic policy.
999 _c84515
_d84515